La gestión por competencia laboral en la empresa y la formación profesional.

Збережено в:
Бібліографічні деталі
Автор: Mertens, Leonard (autor)
Формат: Книга
Мова:Іспанська
Серія:(Programa de Cooperación Iberoamericana para el Diseño de la Formación Profesional ; no. 1)
Предмети:
Теги: Додати тег
Немає тегів, Будьте першим, хто поставить тег для цього запису!

MARC

LEADER 00000cam^a2200000uu^4500
001 000493125
005 20250521000000.0
008 032605s1998^^^^^^^^^^^^rd^r^^000^0^spa^d
009 20260310125457.169
022 |a 847666088X 
035 |a FCE 000036498 
035 |a FCE 036543 
037 |a Acervo ITESO - Biblioteca 
041 |a spa 
082 0 4 |a 331.01  |b IBERFOP 1 
100 |a Mertens, Leonard  |e (autor) 
245 1 3 |a La gestión por competencia laboral en la empresa y la formación profesional. 
264 |a Madrid :  |b Cumbre Iberoamericana : IBERFOP,  |c 1998. 
300 |a 108 p. 
336 |a texto  |b txt  |2 rdacontenido 
337 |a sin mediación  |b n  |2 rdamedio 
338 |a volumen  |b nc  |2 rdasoporte 
440 0 |a (Programa de Cooperación Iberoamericana para el Diseño de la Formación Profesional ;  |v no. 1) 
649 |a XX 
650 |a Teoría 
650 |a Formación profesional 
650 |a Empleo 
650 |a Mercado de trabajo 
650 |a Gestión 
910 |a Fondo Centro de Estudios Educativos 
920 |a Impresos - Libros 
930 |a Fondos Especiales 
905 |a 133 
901 |a ALE036543  |b IT2  |c CEE  |u 20250521 
902 |a https://opac.biblio.iteso.mx/vufind/Record/000493125